000 00454cam a2200193 4500
001 D6587
008 090401t1978 xxu||||| |||| 00| 0 eng d
035 _a(Sirsi) u94071
041 _aeng
050 _a692.5
100 _aWheatley, N.R (ed)
245 _aLaxton`s Building Price Book 1978
250 _a150th
260 _aKingston
_bKelly`s Directories
_c1978
300 _axliv. 705p. 21cm
350 _a8
942 _n0
948 _c04/03/1997
999 _c97895
_d97895